| 000 | 00828nas a2200277 4500 | ||
|---|---|---|---|
| 001 | BR0900641 | ||
| 003 | BR-BrBNA | ||
| 005 | 20231205113107.0 | ||
| 007 | ta | ||
| 008 | 230509b bl.|||p| |||| 00| 00por d | ||
| 040 |
_aBR-BrBNA _bpor _cBiblioteca Nacional de Agricultura |
||
| 041 | _a(Pt) | ||
| 072 | _aL01 | ||
| 100 | 1 | _aNery, L.R. | |
| 100 | 1 | _aAlbino, L.F.T. | |
| 100 | 1 | _aRostagno, H.S. | |
| 100 | 1 | _aCampos, A.M. de A. | |
| 100 | 1 | _aSilva, C.R. da | |
| 245 | 1 | _aValores de energia metabolizável de alimentos determinados com frangos de corte | |
| 650 | _aSOJA | ||
| 650 | _aMILHO | ||
| 650 | _aFRANGO DE CORTE | ||
| 773 | 0 |
_tRevista Brasileira de Zootecnia (Brazil) _xISSN 1516-3598 _g(Sep-Oct 2007), v. 36(5) p. 1354-1358 _wBR0900641 |
|
| 909 |
_a202311 _bLúcia _c55 _dLúcia Elande |
||
| 942 |
_2AGRIS _n0 _cANA |
||
| 999 |
_c201801 _d201801 |
||